<?xml version="1.0" encoding="UTF-8"?>
<record
    xmlns:xsi="http://www.w3.org/2001/XMLSchema-instance"
    xsi:schemaLocation="http://www.loc.gov/MARC21/slim http://www.loc.gov/standards/marcxml/schema/MARC21slim.xsd"
    xmlns="http://www.loc.gov/MARC21/slim">

  <leader>01306nam a22002657a 4500</leader>
  <controlfield tag="005">20081117123210.0</controlfield>
  <controlfield tag="008">081117t        xxu||||| |||| 00| 0 hin d</controlfield>
  <datafield tag="010" ind1=" " ind2=" ">
    <subfield code="a">HIN-84972</subfield>
  </datafield>
  <datafield tag="020" ind1=" " ind2=" ">
    <subfield code="c">225.00</subfield>
    <subfield code="a">9788190535519</subfield>
  </datafield>
  <datafield tag="035" ind1=" " ind2=" ">
    <subfield code="a">HN-57318</subfield>
  </datafield>
  <datafield tag="037" ind1=" " ind2=" ">
    <subfield code="b">DBAD / PUB</subfield>
  </datafield>
  <datafield tag="040" ind1=" " ind2=" ">
    <subfield code="a">DPL</subfield>
    <subfield code="b">HN</subfield>
  </datafield>
  <datafield tag="082" ind1=" " ind2=" ">
    <subfield code="a">520</subfield>
  </datafield>
  <datafield tag="100" ind1=" " ind2=" ">
    <subfield code="a">&#x92A;&#x93E;&#x923;&#x94D;&#x921;&#x947;&#x92F;, &#x92A;&#x935;&#x928; &#x915;&#x941;&#x92E;&#x93E;&#x930; </subfield>
  </datafield>
  <datafield tag="245" ind1=" " ind2=" ">
    <subfield code="a">&#x905;&#x902;&#x924;&#x930;&#x93F;&#x915;&#x94D;&#x937; &#x91C;&#x917;&#x924; &#x915;&#x940; &#x938;&#x948;&#x930;   /</subfield>
    <subfield code="c">&#x92A;&#x935;&#x928; &#x915;&#x941;&#x92E;&#x93E;&#x930; &#x92A;&#x93E;&#x923;&#x94D;&#x921;&#x947;&#x92F; </subfield>
  </datafield>
  <datafield tag="246" ind1=" " ind2=" ">
    <subfield code="b">by Pawan Kumar Pandey </subfield>
    <subfield code="a">Antriksh jagat kii sair </subfield>
  </datafield>
  <datafield tag="260" ind1=" " ind2=" ">
    <subfield code="a">&#x930;&#x93E;&#x92F;&#x92C;&#x930;&#x947;&#x932;&#x940; </subfield>
    <subfield code="b">&#x935;&#x93E;&#x938;&#x941;&#x926;&#x947;&#x935; &#x92A;&#x94D;&#x930;&#x915;&#x93E;&#x936;&#x928; </subfield>
    <subfield code="c">2008</subfield>
  </datafield>
  <datafield tag="270" ind1=" " ind2=" ">
    <subfield code="a">&#x926;&#x930;&#x93F;&#x92F;&#x93E;&#x92A;&#x941;&#x930; &#x91A;&#x94C;&#x930;&#x93E;&#x939;&#x93E; &#x938;&#x932;&#x94B;&#x928; &#x930;&#x94B;&#x921;&#x93C; &#x92E;&#x941;&#x902;&#x936;&#x940;&#x917;&#x902;&#x91C; </subfield>
    <subfield code="b">&#x930;&#x93E;&#x92F;&#x92C;&#x930;&#x947;&#x932;&#x940; </subfield>
  </datafield>
  <datafield tag="300" ind1=" " ind2=" ">
    <subfield code="a">208 &#x92A;&#x943;</subfield>
    <subfield code="c">22&#x938;&#x947;&#x92E;&#x940; (&#x938;&#x91C;&#x93F;&#x932;&#x94D;&#x926;)</subfield>
  </datafield>
  <datafield tag="650" ind1=" " ind2=" ">
    <subfield code="a">&#x916;&#x917;&#x94B;&#x932; &#x935;&#x93F;&#x926;&#x94D;&#x92F;&#x93E; </subfield>
  </datafield>
  <datafield tag="650" ind1=" " ind2=" ">
    <subfield code="a">Astronomy</subfield>
  </datafield>
  <datafield tag="366" ind1=" " ind2=" ">
    <subfield code="b">&#x938;&#x941;&#x930;&#x948;&#x92F;&#x93E; &#x916;&#x93E;&#x928;,  48, &#x92E;&#x940;&#x928;&#x93E; &#x92C;&#x93E;&#x91C;&#x93E;&#x930; &#x91C;&#x93E;&#x92E;&#x93E; &#x92E;&#x938;&#x94D;&#x91C;&#x93F;&#x926;, &#x926;&#x93F;&#x932;&#x94D;&#x932;&#x940;-110006 , 921399978 </subfield>
  </datafield>
  <datafield tag="942" ind1=" " ind2=" ">
    <subfield code="2">ddc</subfield>
    <subfield code="c">HN</subfield>
    <subfield code="m">&#x92A;&#x93E;&#x923;&#x94D;&#x921;&#x947;&#x92F; </subfield>
    <subfield code="h">520</subfield>
  </datafield>
  <datafield tag="999" ind1=" " ind2=" ">
    <subfield code="c">18549</subfield>
    <subfield code="d">18549</subfield>
  </datafield>
  <datafield tag="952" ind1=" " ind2=" ">
    <subfield code="0">0</subfield>
    <subfield code="1">0</subfield>
    <subfield code="2">ddc</subfield>
    <subfield code="4">0</subfield>
    <subfield code="7">1</subfield>
    <subfield code="a">DBAD</subfield>
    <subfield code="b">DBAD</subfield>
    <subfield code="d">2008-11-18</subfield>
    <subfield code="g">225.00</subfield>
    <subfield code="l">0</subfield>
    <subfield code="o">520 &#x92A;&#x93E;&#x923;&#x94D;&#x921;&#x947;&#x92F;</subfield>
    <subfield code="p">HN-57318</subfield>
    <subfield code="r">2008-11-18 00:00:00</subfield>
    <subfield code="t">1</subfield>
    <subfield code="v">225.00</subfield>
    <subfield code="w">2008-11-18</subfield>
    <subfield code="y">HN</subfield>
  </datafield>
</record>
